ប្រាជ្ញាពពែ / (Record no. 4580)
[ view plain ]
| 000 -LEADER | |
|---|---|
| fixed length control field | 01948nam a22003137a 4500 |
| 001 - CONTROL NUMBER | |
| control field | 4580 |
| 003 - CONTROL NUMBER IDENTIFIER | |
| control field | FISKH |
| 005 - DATE AND TIME OF LATEST TRANSACTION | |
| control field | 20240917113717.0 |
| 008 - FIXED-LENGTH DATA ELEMENTS--GENERAL INFORMATION | |
| fixed length control field | 240917b cb ||||| |||| 00| 0 eng d |
| 020 ## - INTERNATIONAL STANDARD BOOK NUMBER | |
| International Standard Book Number | 9789996389290 |
| 040 ## - CATALOGING SOURCE | |
| Original cataloging agency | FISKH |
| Language of cataloging | Khmer |
| Transcribing agency | FISKH |
| Modifying agency | FISKH |
| 050 ## - LIBRARY OF CONGRESS CALL NUMBER | |
| Classification number | PZ7 |
| 082 ## - DEWEY DECIMAL CLASSIFICATION NUMBER | |
| Classification number | 800 |
| 100 ## - MAIN ENTRY--PERSONAL NAME | |
| Personal name | Anonymous |
| Relator term | author |
| 245 ## - TITLE STATEMENT | |
| Title | ប្រាជ្ញាពពែ / |
| Statement of responsibility, etc. | by Anonymous |
| 250 ## - EDITION STATEMENT | |
| Edition statement | បោះពុម្ពឆ្នាំ២០១៥ |
| 260 ## - PUBLICATION, DISTRIBUTION, ETC. | |
| Place of publication, distribution, etc. | ភ្នំពេញ : |
| Name of publisher, distributor, etc. | អផ្សុក ; |
| Date of publication, distribution, etc. | ២០១៥ . |
| 300 ## - PHYSICAL DESCRIPTION | |
| Extent | 12 pages : |
| Other physical details | color illustrations ; |
| Dimensions | 22 cm . |
| 490 ## - SERIES STATEMENT | |
| Series statement | និទានអប់រំសម្រាប់កុមារ |
| 505 ## - FORMATTED CONTENTS NOTE | |
| Formatted contents note | H <br/><br/> |
| 520 ## - SUMMARY, ETC. | |
| Summary, etc. | មានឪពពែនិងមេពពែមានកូនបីនាក់ ។ ថ្ងៃមួយឪនិងមេរបស់ពពែ ធុំក្លិនខ្លាក៏ភ័យខ្លាច។ ពួកគេក៏បាននិយាយទៅកាន់កូនថាឪនឺងទៅចាប់ខ្លាអោយកូនសុី លឺដូចនេះខ្លាភ័យហើយក៏ដាក់មេផាយភ្លាម។ ភ្លាមនោះខ្លាក៏បានជួបកញ្ជ្រោងហើយក៏បបួលគ្នាទៅរកពពែ តែដោយចាញ់កលពពែពួកគេក៏ងាប់ទាំងពីរទៅ ។ |
| 520 ## - SUMMARY, ETC. | |
| Summary, etc. | There is a father goat and a goat mother with three children. One day, the goat's father and mother were scared of the smell of tigers. They also told the boy that the father would go and catch the tiger for the baby to hear, so the tiger got scared and immediately put the witch on. Both died. |
| 521 8# - TARGET AUDIENCE NOTE | |
| Target audience note | 430 <br/> |
| Source | Lexile estimate <br/> |
| 521 8# - TARGET AUDIENCE NOTE | |
| Target audience note | H <br/> |
| Source | Raz-Plus <br/> |
| 650 ## - SUBJECT ADDED ENTRY--TOPICAL TERM | |
| Topical term or geographic name entry element | មេពពែ |
| 650 ## - SUBJECT ADDED ENTRY--TOPICAL TERM | |
| Topical term or geographic name entry element | mother goat |
| 942 ## - ADDED ENTRY ELEMENTS (KOHA) | |
| Source of classification or shelving scheme | Dewey Decimal Classification |
| Koha item type | Khmer Books |
| Suppress in OPAC | No |
| Withdrawn status | Lost status | Source of classification or shelving scheme | Damaged status | Not for loan | Collection | Home library | Current library | Shelving location | Date acquired | Total Checkouts | Full call number | Barcode | Date last seen | Copy number | Price effective from | Koha item type | Date last checked out |
|---|---|---|---|---|---|---|---|---|---|---|---|---|---|---|---|---|---|
| Dewey Decimal Classification | Khmer Language Books / សៀវភៅភាសាខ្មែរ | Footprints International School Library Network Toul Kork Campus | Footprints International School Library Network Toul Kork Campus | TTP Primary Khmer Bookshelves | 09/17/2024 | ANO PZ7 800 | FIS04119 | 09/17/2024 | 1 | 09/17/2024 | Khmer Books | ||||||
| Dewey Decimal Classification | Khmer Language Books / សៀវភៅភាសាខ្មែរ | Footprints International School Library Network Toul Kork Campus | Footprints International School Library Network Toul Kork Campus | TTP Primary Khmer Bookshelves | 09/17/2024 | ANO PZ7 800 | FIS03808 | 09/17/2024 | 2 | 09/17/2024 | Khmer Books | ||||||
| Dewey Decimal Classification | Khmer Language Books / សៀវភៅភាសាខ្មែរ | Footprints International School Library Network Toul Kork Campus | Footprints International School Library Network Toul Kork Campus | TK Old Khmer Books (Rear Hallway Shelf 3) | 09/04/2025 | 1 | ANO PZ7 800 | FISBK04288 | 03/16/2026 | 3 | 09/04/2025 | Khmer Books | 10/10/2025 | ||||
| Dewey Decimal Classification | Khmer Language Books / សៀវភៅភាសាខ្មែរ | Footprints International School Library Network Toul Kork Campus | Footprints International School Library Network Toul Kork Campus | TK Old Khmer Books (Rear Hallway Shelf 3) | 09/04/2025 | 1 | ANO PZ7 800 | FISTK04614 | 03/16/2026 | 4 | 09/04/2025 | Khmer Books | 10/10/2025 | ||||
| Dewey Decimal Classification | Khmer Language Books / សៀវភៅភាសាខ្មែរ | Footprints International School Library Network Toul Tom Poung Campus | Footprints International School Library Network Toul Tom Poung Campus | TTP Primary Khmer Bookshelves | 10/23/2025 | ANO PZ7 800 | FIS04388 | 10/23/2025 | 5 | 10/23/2025 | Khmer Books | ||||||
| Dewey Decimal Classification | Khmer Language Books / សៀវភៅភាសាខ្មែរ | Footprints International School Library Network Toul Tom Poung Campus | Footprints International School Library Network Toul Tom Poung Campus | TTP Primary Khmer Bookshelves | 10/24/2025 | ANO PZ7 800 | FIS04029 | 10/24/2025 | 6 | 10/24/2025 | Khmer Books | ||||||
| Dewey Decimal Classification | Khmer Language Books / សៀវភៅភាសាខ្មែរ | Footprints International School Library Network Toul Tom Poung Campus | Footprints International School Library Network Toul Tom Poung Campus | TTP Primary Khmer Bookshelves | 12/11/2025 | ANO PZ7 800 | FISBK03871 | 12/11/2025 | 7 | 12/11/2025 | Khmer Books | ||||||
| Dewey Decimal Classification | Khmer Language Books / សៀវភៅភាសាខ្មែរ | Footprints International School Library Network Toul Tom Poung Campus | Footprints International School Library Network Toul Tom Poung Campus | TTP Primary Khmer Bookshelves | 12/11/2025 | ANO PZ7 800 | FIS04258 | 12/11/2025 | 8 | 12/11/2025 | Khmer Books |
